| 000 | 00434nam a22001577a 4500 | ||
|---|---|---|---|
| 003 | OSt | ||
| 005 | 20220113155441.0 | ||
| 008 | 220113b |||||||| |||| 00| 0 eng d | ||
| 040 | _cHAWASSA UNIVERSITY | ||
| 050 |
_a574.5028/BEN _b2 |
||
| 082 |
_23 _a574.5028/BEN _b2 |
||
| 100 |
_aBENTON ALLEN H. _qBENTON ALLEN H. _927898 |
||
| 245 | _aFIELD BIOLOGY AND ECOLOGY | ||
| 260 |
_aNEW DELHI _bTATA MEGRA W-HILL _c1958 |
||
| 942 |
_2ddc _cBOOKS _n0 |
||
| 999 |
_c26907 _d26907 |
||